| 000 | 00359nam a2200145Ia 4500 | ||
|---|---|---|---|
| 008 | 230917s9999||||xx |||||||||||||| ||und|| | ||
| 040 |
_e45786 _aMAIN |
||
| 041 | _aEnglish | ||
| 082 | _a200.1 G151A | ||
| 100 | _aGandhi, Ramchandra | ||
| 245 | 4 | _aThe availability of religious Indias | |
| 260 |
_aDelhi _bMacmillan _c1979 |
||
| 300 | _a109 p. | ||
| 942 | _cBK | ||
| 999 |
_c217830 _d217830 |
||